ბათუმის შოთა რუსთაველის სახელმწიფო უნივერსიტეტის ბიბლიოთეკა

NAXÇİVAN MUXTAR RESPUBLİKASİ 1969-1999 / (ბიბ.ჩანაწერი № 36448)

000 -LEADER
fixed length control field 00617nam a2200205Ia 4500
001 - CONTROL NUMBER
control field 2363
003 - CONTROL NUMBER IDENTIFIER
control field GE_BSU
005 - DATE AND TIME OF LATEST TRANSACTION
control field 20221027101951.0
008 - FIXED-LENGTH DATA ELEMENTS--GENERAL INFORMATION
fixed length control field 181216s2005az xx |||||||||||||| ||aze||
040 ## - CATALOGING SOURCE
Transcribing agency GE_BSU
041 ## - LANGUAGE CODE
Language code of text/sound track or separate title aze
080 ## - UNIVERSAL DECIMAL CLASSIFICATION NUMBER
Universal Decimal Classification number 94(479.24) A-36
100 ## - MAIN ENTRY--PERSONAL NAME
Personal name ALİYEVİN, HERYDAR.
9 (RLIN) 15565
245 ## - TITLE STATEMENT
Title NAXÇİVAN MUXTAR RESPUBLİKASİ 1969-1999 /
Statement of responsibility, etc. HERYDAR, ALİYEVİN
264 ## - PRODUCTION, PUBLICATION, DISTRIBUTION, MANUFACTURE, AND COPYRIGHT NOTICE
Date of production, publication, distribution, manufacture, or copyright notice 1999.
300 ## - PHYSICAL DESCRIPTION
Extent 212 с.:
Other physical details илл.
653 ## - INDEX TERM--UNCONTROLLED
keyword NAXÇİVAN MUXTAR RESPUBLİKASİ
653 ## - INDEX TERM--UNCONTROLLED
keyword ნახჭევანის ავტონომიური რესპუბლიკა
942 ## - ADDED ENTRY ELEMENTS (KOHA)
Koha item type წიგნი
Source of classification or shelving scheme
ეგზემპლარები
Withdrawn status Lost status Source of classification or shelving scheme Damaged status Not for loan Permanent Location Current Location Shelving location Date acquired Cost, normal purchase price Full call number Barcode Date last seen Copy number Price effective from Koha item type Public note
          ბათუმის შოთა რუსთაველის სახელმწიფო უნივერსიტეტის მთავარი ბიბლიოთეკა ბათუმის შოთა რუსთაველის სახელმწიფო უნივერსიტეტის მთავარი ბიბლიოთეკა წიგნსაცავი 2018-12-17 25.00 94(479.24) A-36 4529 2018-12-17 4529 2018-12-17 წიგნი 25.00